000 00841nam0a22002531 4500
001 rc\198483
005 20250620230557.0
010 _a5-213-00798-8
_9100000
035 _a(NLR Aleph) 005452431
090 _a4871664
_c4871664
100 _a20030307d1992 |||y0rusy50 ca
101 0 _arus
102 _aRU
105 _aa |||||||||
200 1 _aХристофор Колумб
_e[Для дошк. возраста]
_fСвятослав Сахарнов
_g[Худож. С. Бордюг]
210 _aМ.
_cМалыш
_d1992
215 _a16, [3] с.
_cцв. ил.
_d28
300 _aК 500-летию открытия Америки
700 1 _aСахарнов
_bС.В.
_f1923-
_gСвятослав Владимирович
801 0 _aRU
_bNLR
_gpsbo
801 1 _aRU
_bELAR
_2rusmarc
852 _aNLR
_j92-8/122
942 _cBOOK
980 _aNB